000 00558nam a2200181 a 4500
005 20140311163032.0
008 100812s19uu xx 00 eng d
020 _a9781606235652
050 _aLC 4704
_b.W3 2010
100 _aWaber, Deborah P.
245 _aRethinking learning disabilities :
_bunderstanding children who struggle in school.
260 _aNew York :
_bThe Guilford Press,
_c2010.
300 _a241 p. :
_bill. ;
_c24 cm.
521 _aEDU
650 _aLearning disabled children
_xEducation.
942 _cBK
_2lcc
_kFOR
999 _c39643
_d39643